LEADER 01557nam 2200397Ia 450 001 996383629203316 005 20200824132829.0 035 $a(CKB)1000000000598965 035 $a(EEBO)2248577929 035 $a(OCoLC)ocm12395222e 035 $a(OCoLC)12395222 035 $a(EXLCZ)991000000000598965 100 $a19850816d1650 uy | 101 0 $aeng 135 $aurbn#|||a|bb| 200 14$aThe third booke of the authour, being The high and deepe searching out of the threefold life of man through (or according to) the three principles$b[electronic resource] /$fby Jacob Behmen, alia?s Teutonicus Philosophus ; written in the Germane language, anno 1620 ; Englished by J. Sparrovv .. 210 $aLondon $cPrinted by M.S. for H. Blunden ...$d1650 215 $a[4], 288, [39] p 300 $aTranslation of: Hohe und tieffe Gründe von dem drey fachen Leben des Menschen. 300 $aReproduction of original in Huntington Library. 300 $aIncludes index. 330 $aeebo-0113 606 $aMysticism 606 $aTheology, Doctrinal 615 0$aMysticism. 615 0$aTheology, Doctrinal. 700 $aBo?hme$b Jakob$f1575-1624.$0420998 701 $aSparrow$b John$f1615-1665?$01001693 801 0$bEAA 801 1$bEAA 801 2$bm/c 801 2$bWaOLN 906 $aBOOK 912 $a996383629203316 996 $aThe third booke of the authour, being The high and deepe searching out of the threefold life of man through (or according to) the three principles$92406038 997 $aUNISA LEADER 01277nam a2200301 i 4500 001 991001802589707536 008 030930s2001 nyua 001 0 eng 020 $a0387952322 035 $ab12199308-39ule_inst 040 $aFac. Economia$bita 082 00$a519.536$221 100 1 $aHarrell, Frank E$0258175 245 10$aRegression modeling strategies :$bwith applications to linear models, logistic regression, and survival analysis /$cFrank E. Harrell, Jr. 260 $aNew York :$bSpringer,$cc2001 300 $axxii, 568 p. :$bill. ;$c25 cm 440 0$aSpringer series in statistics 504 $aInclude bibliografia (p. [527]-558) e indice 650 0$aRegression analysis 650 0$aLinear models 650 4$aAnalisi della sopravvivenza 650 4$aRegressione logistica 907 $a.b12199308$b11-02-16$c30-09-03 912 $a991001802589707536 945 $aLE025 ECO 519.5 HAR02.01$g1$i2025000090064$lle025$op$pE93.55$q-$rl$s- $t0$u2$v7$w2$x0$y.i12832091$z12-11-03 945 $aLE025 ECO 519.5 HAR02.01$g2$i2025000140424$lle025$o-$pE0.00$q-$rl$s- $t0$u2$v1$w2$x0$y.i13894857$z12-10-04 996 $aRegression modeling strategies$9157332 997 $aUNISALENTO 998 $ale025$b30-09-03$cm$da $e-$feng$gnyu$h0$i1